| 000 | 00789nam a22002297a 4500 | ||
|---|---|---|---|
| 003 | UA-OsUOA | ||
| 001 | 74250 | ||
| 007 | ta | ||
| 008 | 20110331b un ||||| |||| 00| 0 ukr d | ||
| 090 |
_a016:78(092) _bР85 |
||
| 942 | _cBK | ||
| 040 |
_aUA-OsUOA _bukr _cUA-OsUOA _dUA-OsUOA |
||
| 245 |
_aРукописи та першодруки музичних творів Михайла Вербицького _b(Із фондів ЛНБ ім. В. Стефаника НАН України). Нотографічний покажчик |
||
| 300 | _a105 с. | ||
| 955 | _a2 | ||
| 041 | _aukr | ||
| 080 | _a016:78(092) | ||
| 020 | _a966-02-2937-2 | ||
| 260 |
_aЛьвів _c2004 |
||
| 650 | 7 |
_a01 Бібліографія і бібліографії. Каталоги _2UDC |
|
| 999 |
_c360500 _d360500 |
||